000 00824nam0a22002771 4500
001 v19\rc\1387519
005 20250618092738.0
035 _a(NLR Aleph) 004520938
090 _a4865812
_c4865812
100 _a20060512d1870 |||y0rusy50 ca
101 0 _arus
102 _aRU
105 _ay z |||||
200 1 _aНаставление о лечении зубных болезней и сохранении зубов до старости
_fСост. И.С.
210 _aМосква
_cтип. С. Орлова
_d1870
215 _a53 с.
_d18
702 0 _aИ.С.
_4220
801 0 _aRU
_bNLR
_gpsbo
801 0 _aRU
_bRuMoRGB
_2psbo
801 1 _aRU
_bProSoft-M
_2rusmarc
852 _aNLR
_j18.125.6.318
899 _aRuMoRGB
_jF 94/183
899 _aRuMoRGB
_jF 50/268
899 _aБАН
942 _cBOOK
980 _aNB